| 000 | 00737nam a22002057a 4500 | ||
|---|---|---|---|
| 999 |
_c3346 _d3346 |
||
| 003 | AR-CdUCM | ||
| 008 | 190306b ||||| |||| 00| 0 spa d | ||
| 040 |
_aMUNICIPALIDAD PROVINCIAL DEL CUSCO _cBIBLIOTECA MUNICIPAL DEL CUSCO |
||
| 082 |
_a868.6 / _bL46 |
||
| 100 |
_aLeón, Ricardo _911095 |
||
| 245 | _aAlcalá de los Zegríes / | ||
| 260 |
_aMéxico : _bEditorial azteca, _c1958. |
||
| 300 |
_a317 paginas ; _c19 cm. |
||
| 505 | _aContenido :De casta mora y de blason latino -- La casa de los Guzmanes -- La escuela de los discretos -- Daniel Zegri -- La musa y el poeta ... | ||
| 650 |
_aLiteratura Mexicana _94259 |
||
| 650 |
_aLiteratura latina _9327 |
||
| 650 |
_aAmores y juegos _911096 |
||
| 942 |
_2ddc _cLIBROS |
||
| 945 | _arum | ||